01366nac a22002891i 4500003000900000005001700009008004100026040004300067082002100110100003000131245013700161250001900298264003700317300004000354336002600394337002800420338002700448505029200475650004600767655001700813700003000830700003100860700002700891942001200918999001500930952013100945EG-ScBUE20250127090537.0250127s1965 enka f 000 0 eng d aEG-ScBUEbengerdacEG-ScBUEdEG-ScBUE04a530.076bSTR2221 aStrelkov, S. P.,eauthor.10aProblems in undergraduate physics /cS. P. Strelkov, I. A. Yakovlev ; translated by D. E. Brown ; translation edited by D. Ter Haar. aFirst edition. aOxford :bPergamon Press,c1965. a4 volumes :billustrations ;c22 cm 2rdacontentatextbtxt aunmediated2rdamediabn avolumebnc2rdacarrier0 av. 1. Mechanics, by S.P. Strelkov [and] I.A. Yakovlev.--v. 2. Electricity and magnetism, by S.P. Strelkov, I.A. Elʹtsin, and S.E. Khaikin.--v. 3. Optics, by V.L. Ginzburg [and others]--v. 4. Molecular physics, thermodynamics, atomic and nuclear physics, by V.L. Ginzburg [and others] 7aPhysicsxProblems, exercises, etc.2BUEsh vReading book1 aYakovlev, I. A.,eauthor.1 aBrown, D. E.,etranslator.1 aHaar, D. Ter,eeditor. cBB2ddc c1779d1779 00102ddc40708BaccahaMAINbMAINc1STd2014-12-06ePurchasel0o530.076 STRp000002538r2025-07-15 00:00:00w2006-12-14yBB